000 00759nam a2200229Ia 4500
005 20241129105938.0
008 241129s9999||||xx |||||||||||||| ||und||
020 _a978-93-5518-133-6
037 _aTB
040 _aARTS
_bhin
_cARTS
041 _ahin
_2hin
084 _aO111,3N66,EA 152R2
_qARTS
100 _aपिंटो, जेरी, ले.
245 0 _aएम और हूम साहब
_cपिंटो, जेरी, ले.
260 _aनई दिल्ली, भारत
_bवाणी प्रकाशन
_c2022
300 _a270पृ0
365 _aINR
_b400
546 _aTranslated from English to Hindi
650 _aEnglish Fiction
942 _cTB
_hO111,3N66,EA 152R2
999 _c1226707
_d1226707